Bekannte Persönlichkeiten aus Nordrhein-Westfalen - Statistiken

Allgemein
  • Dieses Quiz wurde 143 mal gespielt
  • Das Durchschnittsergebnis liegt bei 11 aus 20
Antwortstatistiken
Geburtsjahr Geburtsort Hinweis Person % Korrekt
1876 Köln von 1949 bis 1963 erster Bundeskanzler Konrad Adenauer
90%
1969 Hürth ehemaliger Autorennfahrer, 7-facher Formel-1-Weltmeister Michael Schumacher
89%
1770 Bonn Komponist Ludwig van Beethoven
86%
1960 Hagen weltweit erfolgreiche Sängerin ("Nur geträumt", "Irgendwie, irgendwo, irgendwann") Nena
83%
1966 Köln Entertainer, Produzent, Musiker, Fernsehmoderator (TV total) Stefan Raab
81%
1946 Gronau/Westf. Rockmusiker ("Sonderzug nach Pankow", "Cello") Udo Lindenberg
80%
1962 Düsseldorf Sänger der Toten Hosen Campino
77%
1964 Recklinghausen Komiker, Moderator, Autor ("Ich bin dann mal weg"), Horst Schlämmer Hape Kerkeling
75%
1948 Bad Salzuflen Entertainer, Komiker, Fernsehmoderator, Musiker, trägt meist Hawaiihemden Jürgen von der Lippe
66%
1966 Krefeld Schlagersängerin, mit ca. 10 Millionen verkauften Tonträgern eine der erfolgreichsten Interpretinnen in Deutschland Andrea Berg
60%
1902 Essen Schauspieler ("Die Feuerzangenbowle", "Quax, der Bruchpilot"), spielte über fast 70 Jahre in Kinofilmen mit Heinz Rühmann
60%
1797 Düsseldorf Schriftsteller und Dichter ("Deutschland. Ein Wintermärchen", "Buch der Lieder") Heinrich Heine
46%
1958 Dorsten Kinder- und Jugendbuchautorin (Tintenwelt, Die wilden Hühner) Cornelia Funke
44%
1974 Münster Schauspielerin ("Lola rennt", "Die Bourne Identität") Franka Potente
40%
1797 Havixbeck Dichterin ("Die Judenbuche", "Der Knabe im Moor") Annette von Droste-Hülshoff
38%
1917 Köln Schriftsteller ("Die verlorene Ehre der Katharina Blum"), erhielt 1972 den Literaturnobelpreis Heinrich Böll
34%
1921 Krefeld Künstler, u.a. bekannt durch seine Badewanne Joseph Beuys
27%
1940 Solingen Tänzerin, begründete das deutsche Tanztheater und zählt zu den bedeutendsten Choreografen ihrer Zeit Pina Bausch
17%
1869 Elberfeld (Wuppertal) expressionistische Dichterin ("Ein alter Tibetteppich", "Mein blaues Klavier") Else Lasker-Schüler
6%
1910 Düsseldorf Schauspielerin, einzige deutsche Schauspielerin, die Oscars gewinnen konnte (für "Der große Ziegfeld" und "Die gute Erde") Luise Rainer
4%
Keine übereinstimmenden Quizze gefunden
Verteilung der Resultate
Anzahl Personen mit jedem Resultat
Perzentil nach korrekt beantworteten Fragen
Ihre Resultats-Entwicklung
Sie haben dieses Quiz noch nicht gespielt